عہد نبوی کے میدان جنگ (Record no. 554066)

000 -LEADER
fixed length control field 00331nam a22001217a 4500
082 ## - DEWEY DECIMAL CLASSIFICATION NUMBER
Classification number 297
Author Mark HAM
100 ## - MAIN ENTRY--PERSONAL NAME
Personal name Hameedulllah, Dr Muhammad
9 (RLIN) 51364
245 ## - TITLE STATEMENT
Title عہد نبوی کے میدان جنگ
260 ## - PUBLICATION, DISTRIBUTION, ETC.
Place of publication, distribution, etc. Lahore,
Name of publisher, distributor, etc. Idara Islamiyat,
Date of publication, distribution, etc. 1982.
300 ## - PHYSICAL DESCRIPTION
Extent 102p.
526 ## - STUDY PROGRAM INFORMATION NOTE
Program name 0
Interest level 0
Reading level 0
Title point value 297_000000000000000_HAM
942 ## - ADDED ENTRY ELEMENTS (KOHA)
Source of classification or shelving scheme
Koha item type Book
Holdings
Withdrawn status Lost status Source of classification or shelving scheme Damaged status Not for loan Permanent Location Current Location Date acquired Total Checkouts Full call number Barcode Date last seen Price effective from Koha item type
          Military College of Engineering (MCE) Military College of Engineering (MCE) 04/11/2018   297 HAM MCE-247M 04/11/2018 04/11/2018 Book
© 2023 Central Library, National University of Sciences and Technology. All Rights Reserved.